Countries of Africa that Start with M - Statistics

General Stats
  • This quiz has been taken 68 times
  • The average score is 6 of 7
Answer Stats
Answer % Correct
Madagascar
91%
Mozambique
91%
Morocco
89%
Mali
88%
Mauritania
86%
Mauritius
84%
Malawi
81%
No matching quizzes found
Score Distribution
Percent of People with Each Score
Percentile by Number Answered
Your Score History
You have not taken this quiz